01223 2200241 4500001002100000005001500021035002000036007000300056008004100059020002200100082001000122084001600132100002000148245012600168250000600294260004700300300002800347700001900375700001700394650005600411520049700467990001700964INLIS00000000000088120260505124912 a0010-0823000045ta260505 j 0 ind  a978-979-063-478-7 a611.8 a611.8 DED s0 aDede Abdurohman1 aSistem Saraf :bjaringan pengatur gerak yang rumit /cDede Abdurohman ; editor, Tatik Widyah R ; ilustrator, Imam Permana a- aJakarta :bNectar ( Anggota IKAPI ),c2013 a32 :bilus. ;c28 cme-0 aTatik Widyah R0 aImam Permana 4aFungsi saraf dan indera perasa - Bacaan Kanak-kanak aTaukah kamu, Bagaimana sistem kerja saraf kita? Apa saja macam sel saraf itu? Apakah fungsi otak kanan, otak tengah, dan otak kiri sama? Apakah setiap saraf saling saling berkaitan? Beberapakah kecepatan rangsangan yang bergerak di dalam saraf? Ingin tau jawabannya? Bersama Tari dan Arul, kita akan berpetualangan menjelajahi cara kerja sistem saraf manusia dan hal-hal unik lainnya yang menakjubkan. Dapatkan petualangan seru lainnya dalam buku Seri Bagaimana Organ Tubuhmu Bekerja a00086/K/2017